Random Senators by Picture - Statistics

General Stats
  • This quiz has been taken 2,445 times
    688 since last reset
  • The average score is 12 of 16
Answer Stats
Picture Answer % Correct
Adam Schiff
100%
Bernie Sanders
100%
Bill Hagerty
100%
Catherine Cortez Masto
100%
Deb Fischer
100%
Elizabeth Warren
100%
John Husted
100%
John Neely Kennedy
100%
Ron Johnson
100%
Ted Cruz
100%
Tom Cotton
100%
Tommy Tuberville
94%
Alex Padilla
93%
Brian Schatz
93%
Cory Booker
93%
Mitch McConnell
92%
Roger Wicker
92%
Tim Scott
91%
Ron Wyden
90%
Thom Tillis
90%
John Cornyn
88%
Pete Ricketts
88%
Roger Marshall
88%
Shelley Moore Capito
88%
Jim Risch
87%
Jerry Moran
86%
Jim Banks
86%
John Thune
86%
Maria Cantwell
86%
Mazie Hirono
86%
Tammy Duckworth
86%
Chuck Grassley
85%
Dave McCormick
85%
Susan Collins
85%
Jack Reed
83%
John Hoeven
83%
Kirsten Gillibrand
83%
Rick Scott
83%
Richard Blumenthal
82%
Angela Alsobrooks
80%
Bernie Moreno
80%
Chuck Schumer
80%
Cindy Hyde-Smith
80%
Jacky Rosen
80%
Peter Welch
80%
Tim Kaine
80%
Josh Hawley
78%
Marsha Blackburn
78%
Jim Justice
77%
Rand Paul
77%
Amy Klobuchar
75%
Dan Sullivan
75%
Mike Crapo
75%
Lindsey Graham
73%
Mark Warner
73%
Raphael Warnock
73%
Todd Young
73%
Katie Britt
72%
Ashley Moody
71%
Dick Durbin
71%
Jeanne Shaheen
71%
John Barrasso
71%
Joni Ernst
71%
Tina Smith
71%
Chris Murphy
70%
James Lankford
70%
Lisa Blunt Rochester
70%
Gary Peters
69%
Maggie Hassan
68%
Ed Markey
67%
John Hickenlooper
67%
Jon Ossoff
67%
Martin Heinrich
67%
Patty Murray
67%
Ruben Gallego
64%
Ted Budd
63%
Tim Sheehy
63%
Andy Kim
61%
Ben Ray Luján
60%
Cynthia Lummis
60%
Angus King
58%
Chris Van Hollen
57%
Mark Kelly
57%
Mike Rounds
56%
Sheldon Whitehouse
56%
Kevin Cramer
54%
Michael Bennet
53%
Tammy Baldwin
53%
Jeff Merkley
50%
John Boozman
50%
John Curtis
50%
John Fetterman
50%
Elissa Slotkin
45%
Steve Daines
45%
Eric Schmitt
44%
Mike Lee
44%
Bill Cassidy
43%
Chris Coons
38%
Lisa Murkowski
33%
No matching quizzes found
Score Distribution
Percent of People with Each Score
Percentile by Number Answered
Your Score History
You have not taken this quiz since the last reset